000 00434nam a2200181Ia 4500
001 9663
005 20260306161735.0
008 260306t2008||||xx |||||||||||||| ||spa||
041 _aESP
082 _a388.3122
_bD65 2008
100 _aDextre, Juan Carlos (cord.)
_eAUT
245 0 _aVías humanas texto impreso
260 _c2008
300 _a186 páginas :
_ccm.
650 _aGEN
654 _aCAN
942 _cLIB
_dJUS
_fJUS
_2ddc
_n
999 _c9663
_d9663